000
00305 a2200133 4500
000
nam a22 7a 4500
100
_a
Madhav, Ram
110
_a
Madhav, Ram
245
_a
Vibhajit Savera
250
_a
Latest edition
260
_b
Prabhat Prakashan
264
_b
Prabhat Prakashan
942
_c
BK
999
_c
395806
_d
395806